000 00408nam a2200181Ia 4500
001 15833
005 20260306170225.0
008 260306t2011||||xx |||||||||||||| ||und||
041 _aESP
082 _a620.11
_bH441 2011
100 _aHibbeler, Russell C.
_eAUT
245 0 _aMecánica de materiales
260 _c2011
300 _a
_c
650 _aGEN
654 _aCII
942 _cLIB
_dJUS
_fJUS
_2ddc
_n
999 _c15833
_d15833